000 00421nam a2200181Ia 4500
001 2906
005 20260306144841.0
008 260306t2009||||xx |||||||||||||| ||spa||
041 _aESP
082 _a232.901
_bM42
100 _aMen, Aleksandr
_eAUT
245 0 _aJesús:
_bel maestro de Nazaret
260 _c2009
300 _a391 páginas :
_c20 cm.
650 _aGEN
654 _aCHU
942 _cLIB
_dJUS
_fJUS
_2ddc
_n
999 _c2906
_d2906